[Event "NATO-ch 33rd"]
[Site "Portoroz"]
[Date "2023.09.08"]
[Round "7"]
[White "Ivanovs, Aleksejs"]
[Black "Cardillo, Raffaele"]
[Result "1-0"]
[WhiteElo "1756"]
[BlackElo "1641"]
[PlyCount "49"]
[EventDate "2023.09.04"]
[EventType "swiss"]
[EventRounds "7"]
[EventCountry "SLO"]
[SourceTitle "EXT 2024"]
[Source "ChessBase"]
[SourceDate "2023.10.10"]
[SourceVersion "1"]
[SourceVersionDate "2023.10.10"]
[SourceQuality "1"]

1. e4 c5 2. Nf3 Nc6 3. d4 cxd4 4. Nxd4 e6 5. Nc3 a6 6. a3 Qc7 7. Bc4 b5 8. Be2 Nf6 9. 0-0 Be7 10. Bg5 Bb7 11. Bf3 Ne5 12. Bf4 Nxf3+ 13. Qxf3 e5 14. Bg3 d6 15. Nf5 0-0 16. Bh4 Kh8 17. Rad1 Ng8 18. Qg3 g6 19. Nxe7 Nxe7 20. Bf6+ Kg8 21. Qg5 Bxe4 22. Nxe4 Nf5 23. g4 h6 24. Qd2 Nd4 25. Qxh6 1-0

[Event "NATO-ch 33rd"]
[Site "Portoroz"]
[Date "2023.09.07"]
[Round "5"]
[White "Kyrge, Kersti"]
[Black "Cardillo, Raffaele"]
[Result "1-0"]
[WhiteElo "1814"]
[BlackElo "1641"]
[PlyCount "59"]
[EventDate "2023.09.04"]
[EventType "swiss"]
[EventRounds "7"]
[EventCountry "SLO"]
[SourceTitle "EXT 2024"]
[Source "ChessBase"]
[SourceDate "2023.10.10"]
[SourceVersion "1"]
[SourceVersionDate "2023.10.10"]
[SourceQuality "1"]

1. d4 Nf6 2. Nf3 g6 3. e3 Bg7 4. Bd3 d6 5. 0-0 0-0 6. c4 Nbd7 7. Nc3 Re8 8. Qc2 e5 9. dxe5 Nxe5 10. Nxe5 dxe5 11. Rd1 Qe7 12. b3 e4 13. Be2 Bg4 14. Bb2 Bxe2 15. Qxe2 Rad8 16. Nb5 a6 17. Ba3 c5 18. Nc3 Nd7 19. Nd5 Qe5 20. Rab1 Qb8 21. Rd2 b6 22. f4 exf3 23. Qxf3 Be5 24. Rf1 f5 25. g4 fxg4 26. Qxg4 Bd6 27. Bb2 Ne5 28. Nf6+ Kg7 29. Nxe8+ Rxe8 30. Qd7+ 1-0

[Event "NATO-ch 33rd"]
[Site "Portoroz"]
[Date "2023.09.04"]
[Round "1"]
[White "Cardillo, Raffaele"]
[Black "Duren, Andrew"]
[Result "0-1"]
[WhiteElo "1641"]
[BlackElo "2007"]
[PlyCount "56"]
[EventDate "2023.09.04"]
[EventType "swiss"]
[EventRounds "7"]
[EventCountry "SLO"]
[SourceTitle "EXT 2024"]
[Source "ChessBase"]
[SourceDate "2023.10.10"]
[SourceVersion "1"]
[SourceVersionDate "2023.10.10"]
[SourceQuality "1"]

1. d4 Nf6 2. c4 g6 3. Nc3 Bg7 4. e4 d6 5. Nf3 0-0 6. Be2 c5 7. 0-0 cxd4 8. Nxd4 Nc6 9. Nxc6 bxc6 10. Qc2 Rb8 11. Bd2 Be6 12. Rad1 Qc7 13. Bf4 Nd7 14. b3 Nc5 15. Bf3 a5 16. Rb1 f5 17. Bd2 f4 18. Rfe1 g5 19. h3 Nd7 20. Bd1 Ne5 21. f3 h5 22. Ne2 Bxh3 23. gxh3 Nxf3+ 24. Kf1 Qd7 25. Ng1 Nxg1 26. Kxg1 Qxh3 27. Re2 Bd4+ 28. Rf2 Qg3+ 0-1